-ach Definitions Quiz Stats

 Plays Quiz Updated May 27, 2018

Also try: -dge Definitions
Challenge
Share
Tweet
Embed
Score 0/15 Timer 03:00
5 Plays Today
% Correct
Coach
96.4%
Cockroach
96.1%
Preach
96%
Approach
95%
Bleach
94.6%
Detach
93.9%
Each
92.9%
Outreach
92.8%
% Correct
Teach
92.7%
Overreach
92.7%
Mach
92.3%
Impeach
92.3%
Breach
92.2%
Poach
91.7%
Reproach
90.8%

You're not logged in!

Compare scores with friends on all Sporcle quizzes.
Join for Free
OR
Log In

You Might Also Like...

Show Comments

Extras

Top Quizzes Today


Score Distribution

Your Account Isn't Verified!

In order to create a playlist on Sporcle, you need to verify the email address you used during registration. Go to your Sporcle Settings to finish the process.

Report this User

Report this user for behavior that violates our Community Guidelines.

Details: